<?xml version="1.0" encoding="UTF-8"?>
<record
    xmlns:xsi="http://www.w3.org/2001/XMLSchema-instance"
    xsi:schemaLocation="http://www.loc.gov/MARC21/slim http://www.loc.gov/standards/marcxml/schema/MARC21slim.xsd"
    xmlns="http://www.loc.gov/MARC21/slim">

  <leader>00555nam a22001697a 4500</leader>
  <controlfield tag="005">20260505145058.0</controlfield>
  <controlfield tag="008">260505b        |||||||| |||| 00| 0 eng d</controlfield>
  <datafield tag="020" ind1=" " ind2=" ">
    <subfield code="a">978-1-118-96332-6</subfield>
  </datafield>
  <datafield tag="082" ind1=" " ind2=" ">
    <subfield code="a">332.6</subfield>
    <subfield code="b">WID-P</subfield>
  </datafield>
  <datafield tag="100" ind1=" " ind2=" ">
    <subfield code="a">Widger, Chuck </subfield>
    <subfield code="a">Dr. Daniel Crosby</subfield>
  </datafield>
  <datafield tag="245" ind1=" " ind2=" ">
    <subfield code="a">Personal Benchmark :</subfield>
    <subfield code="b">Integrating Behavioral Finance and Investment Management</subfield>
  </datafield>
  <datafield tag="260" ind1=" " ind2=" ">
    <subfield code="a">New Jersey</subfield>
    <subfield code="b">John Wiley &amp; Sons, Inc., Hoboken, </subfield>
    <subfield code="c">2014</subfield>
  </datafield>
  <datafield tag="300" ind1=" " ind2=" ">
    <subfield code="a">339 p.</subfield>
  </datafield>
  <datafield tag="500" ind1=" " ind2=" ">
    <subfield code="a">Includes bibliographical references and index.</subfield>
  </datafield>
  <datafield tag="650" ind1=" " ind2=" ">
    <subfield code="a">Investment advisors</subfield>
  </datafield>
  <datafield tag="942" ind1=" " ind2=" ">
    <subfield code="c">BK</subfield>
  </datafield>
  <datafield tag="999" ind1=" " ind2=" ">
    <subfield code="c">47525</subfield>
    <subfield code="d">47525</subfield>
  </datafield>
  <datafield tag="952" ind1=" " ind2=" ">
    <subfield code="0">0</subfield>
    <subfield code="w">2026-05-05</subfield>
    <subfield code="1">0</subfield>
    <subfield code="4">0</subfield>
    <subfield code="7">0</subfield>
    <subfield code="8">Business Administration</subfield>
    <subfield code="a">AUKC</subfield>
    <subfield code="b">AUKC</subfield>
    <subfield code="c">Management Science</subfield>
    <subfield code="d">2026-04-09</subfield>
    <subfield code="e">Ali Book Services</subfield>
    <subfield code="g">1862.00</subfield>
    <subfield code="i">KA/10221</subfield>
    <subfield code="l">0</subfield>
    <subfield code="o">332.6 WID-P</subfield>
    <subfield code="p">AUKHP0653</subfield>
    <subfield code="r">2026-05-05 14:51:59</subfield>
    <subfield code="y">BK</subfield>
  </datafield>
</record>
